| 000 | 01447cam a2200361 i 4500 | ||
|---|---|---|---|
| 001 | 17907129 | ||
| 003 | EG-ScBUE | ||
| 005 | 20230511134100.0 | ||
| 008 | 131017s2014 enka f bf 001 0 eng d | ||
| 020 | _a9780415725361 (pb : alk. paper) | ||
| 040 |
_aDLC _beng _erda _cDLC _dDLC _dEG-ScBUE |
||
| 082 | 0 | 0 |
_a808.06672 _222 _bBOR |
| 100 | 1 |
_aBorden, Iain, _eauthor. |
|
| 245 | 1 | 4 |
_aThe dissertation : _ba guide for architecture students / _cIain Borden and Katerina Rüedi Ray. |
| 250 | _aThird Edition. | ||
| 264 | 1 |
_aLondon ; _aNew York : _bRoutledge, _c2014. |
|
| 300 |
_avi, 257 pages : _billustrations ; _c22 cm |
||
| 336 |
_atext _2rdacontent _btxt |
||
| 337 |
_aunmediated _2rdamedia _bn |
||
| 338 |
_avolume _2rdacarrier _bnc |
||
| 504 | _aIncludes bibliographical references and index. | ||
| 650 | 7 |
_aArchitecture _xAuthorship _vStyle manuals. _2BUEsh |
|
| 650 | 7 |
_aArchitecture _xStudy and teaching (Graduate) _zUnited States _vHandbooks, manuals, etc. _2BUEsh |
|
| 650 | 7 |
_aArchitecture _xResearch _xMethodology _vHandbooks, manuals, etc. _2BUEsh |
|
| 650 | 7 |
_aDissertations, Academic _vStyle manuals. _2BUEsh |
|
| 650 | 7 |
_aDissertations, Academic _xAbstracts. _2BUEsh |
|
| 653 |
_bART _cMay2023 |
||
| 655 | _vReading book | ||
| 700 | 1 |
_aRüedi, Katerina, _eauthor. |
|
| 906 |
_a7 _bcbc _corignew _d1 _eecip _f20 _gy-gencatlg |
||
| 942 |
_2ddc _cBB |
||
| 999 |
_c30343 _d30314 |
||